All Cities and Towns in Illinois - Statistics

General Stats
  • This quiz has been taken 207 times
  • The average score is 81 of 1298
Answer Stats
Cities, Villages Village or City Population County % Correct
Chicago City 2,695,598 Cook/DuPage
92%
Springfield City/Capital 116,250 Sangamon
72%
Peoria City 115,007 Peoria
68%
Rockford City 152,871 Winnebago
66%
Aurora City 197,899 DuPage/Will/Kane/Kendall
62%
Champaign City 81,055 Champaign
62%
Joliet City 147,433 Kendall/Will
62%
Washington City 15,134 Tazewell
56%
Naperville City 141,853 DuPage/Will
55%
East St. Louis City 27,006 St. Clair
53%
Urbana City 41,250 Champaign
48%
Evanston City 74,486 Cook
47%
Carbondale City 25,902 Jackson
46%
Kankakee City 27,537 Kankakee
46%
Lincoln City 14,504 Logan
46%
Cairo City 2,831 Alexander
44%
DeKalb City 43,862 DeKalb
44%
Rock Island City 39,018 Rock Island
43%
Bloomington City 76,610 McLean
42%
Clinton City 7,225 DeWitt
40%
Marion City 17,193 Williamson
40%
Effingham City 12,328 Effingham
39%
Cicero Town 83,891 Cook
38%
Elgin City 108,188 Cook/Kane
38%
Normal Town 52,497 McLean
38%
Oak Park Village 51,878 Cook
38%
Decatur City 76,122 Macon
35%
LaSalle City 9,609 LaSalle
35%
Madison City 3,891 Madison/St. Clair
35%
Franklin Village 610 Morgan
34%
Moline City 43,483 Rock Island
34%
Schaumburg Village 74,227 Cook
34%
Warren Village 1,428 Jo Daviess
34%
McHenry City 26,992 McHenry
33%
Arlington Village 193 Bureau
32%
Jacksonville City 19,446 Morgan
32%
Waukegan City 89,078 Lake
32%
Quincy City 40,633 Adams
31%
Skokie Village 64,784 Cook
31%
Alton City 27,865 Madison
30%
Bolingbrook Village 73,366 DuPage/Will
29%
Des Plaines City 58,364 Cook
29%
Kane Village 438 Greene
29%
Edwardsville City 24,293 Madison
28%
Galena City 3,429 Jo Daviess
28%
Henry City 2,464 Marshall
28%
Paris City 8,837 Edgar
28%
Union Village 580 McHenry
28%
McLean Village 830 McLean
27%
Peru City 10,295 LaSalle
27%
Danville City 33,027 Vermilion
26%
Frankfort Village 17,782 Cook/Will
26%
Knoxville City 2,911 Knox
26%
Arlington Heights Village 75,101 Cook/Lake
25%
Charleston City 21,838 Coles
25%
Galesburg City 32,195 Knox
25%
Highland City 9,919 Madison
25%
Lee Village 337 DeKalb/Lee
25%
Wheaton City 52,894 DuPage
25%
Winnetka Village 12,187 Cook
25%
Morris City 13,636 Grundy
24%
St. Charles City 32,974 DuPage/Kane
24%
Tinley Park Village 56,703 Cook/Will
24%
Dix Village 461 Jefferson
23%
Elmhurst City 44,121 Cook/DuPage
23%
Fulton City 3,481 Whiteside
23%
Greenville City 7,000 Bond
23%
Hamilton City 2,951 Hancock
23%
Highland Park City 29,763 Lake
23%
Macomb City 19,288 McDonough
23%
Macon City 1,138 Macon
23%
Montgomery Village 18,438 Kane/Kendall
23%
Oak Lawn Village 56,690 Cook
23%
Orland Park Village 56,767 Cook/Will
23%
Ottawa City 18,768 LaSalle
23%
Wilmette Village 27,087 Cook
23%
Zion City 24,413 Lake
23%
Dixon City 15,733 Lee
22%
Forrest Village 1,220 Livingston
22%
Gurnee Village 31,295 Lake
22%
Pontiac City 11,931 Livingston
22%
Rosemont Village 4,202 Cook
22%
Mason Town 345 Effingham
21%
Mount Vernon City 15,277 Jefferson
21%
Plainfield Village 39,581 Kendall/Will
21%
Salem City 7,485 Marion
21%
Belleville City 44,478 St. Clair
20%
Bourbonnais Village 18,631 Kankakee
20%
Crystal Lake City 40,743 McHenry
20%
Downers Grove Village 47,833 DuPage
20%
Marshall City 3,933 Clark
20%
Palatine Village 68,557 Cook
20%
Romeoville Village 39,680 Will
20%
West Chicago City 27,086 DuPage
20%
Deerfield Village 18,225 Cook/Lake
19%
Iroquois Village 154 Iroquois
19%
Lombard Village 43,395 DuPage
19%
Oak Brook Village 7,883 Cook/DuPage
19%
Wayne Village 2,431 DuPage/Kane
19%
Buffalo Village 503 Sangamon
18%
Hinsdale Village 16,816 Cook/DuPage
18%
Lake Forest City 19,375 Lake
18%
Mattoon City 18,555 Coles
18%
Morton Village 16,267 Tazewell
18%
North Chicago City 32,574 Lake
18%
Oswego Village 30,355 Kendall
18%
Wilmington City 5,724 Will
18%
Wilmington Village 142 Greene
18%
Blue Island City 23,706 Cook
17%
Chester City 8,586 Randolph
17%
Chicago Heights City 30,276 Cook
17%
East Peoria City 23,402 Tazewell
17%
Elk Grove Village Village 33,127 Cook/DuPage
17%
Eureka City 5,295 Woodford
17%
Freeport City 25,638 Stephenson
17%
Geneva City 21,495 Kane
17%
Henderson Village 255 Knox
17%
La Grange Village 15,550 Cook
17%
Liberty Village 516 Adams
17%
Livingston Village 858 Madison
17%
New Lenox Village 24,394 Will
17%
Park Ridge City 37,480 Cook
17%
Pekin City 34,094 Tazewell
17%
Perry Village 397 Pike
17%
Sandwich City 7,421 DeKalb/Kendall/LaSalle
17%
Shelbyville City 4,700 Shelby
17%
Winnebago Village 3,101 Winnebago
17%
Alsip Village 19,277 Cook
16%
Barrington Village 10,327 Cook/Lake
16%
Calumet City City 37,042 Cook
16%
Lisle Village 22,390 DuPage
16%
Yorkville City 16,921 Kendall
16%
Algonquin Village 30,046 Kane/McHenry
15%
Batavia City 26,045 DuPage/Kane
15%
Berwyn City 56,657 Cook
15%
Bradley Village 15,895 Kankakee
15%
Brookfield Village 18,978 Cook
15%
Calhoun Village 172 Richland
15%
Canton City 14,704 Fulton
15%
El Paso City 2,810 McLean/Woodford
15%
Hoffman Village 508 Clinton
15%
Lockport City 24,839 Will
15%
Nashville City 3,258 Washington
15%
Vandalia City 7,042 Fayette
15%
Williamson Village 230 Madison
15%
Addison Village 36,942 DuPage
14%
Antioch Village 14,430 Lake
14%
Arthur Village 2,288 Douglas/Moultrie
14%
Berlin Village 180 Sangamon
14%
Carol Stream Village 39,711 DuPage
14%
Cary Village 18,271 McHenry
14%
Central City Village 1,172 Marion
14%
Collinsville City 25,579 Madison/St. Clair
14%
Columbia City 9,707 Monroe/St. Clair
14%
East Moline City 21,302 Rock Island
14%
Grayslake Village 20,957 Lake
14%
Havana City 3,301 Mason
14%
Hoffman Estates Village 51,895 Cook
14%
La Fayette Village 223 Stark
14%
Lansing Village 28,331 Cook
14%
Metropolis City 6,537 Massac
14%
Northbrook Village 33,170 Cook
14%
Princeton City 7,660 Bureau
14%
Riverside Village 8,875 Cook
14%
Round Lake Village 18,289 Lake
14%
Sterling City 15,370 Whiteside
14%
Sycamore City 17,519 DeKalb
14%
Taylorville City 11,246 Christian
14%
Vernon Village 129 Marion
14%
Warrenville City 13,140 DuPage
14%
Athens City 1,988 Menard
13%
Buffalo Grove Village 41,496 Cook/Lake
13%
Carpentersville Village 37,691 Kane
13%
Elizabeth Village 761 Jo Daviess
13%
Harrisburg City 9,017 Saline
13%
Harvey City 25,282 Cook
13%
Homewood Village 19,323 Cook
13%
Mahomet Village 7,258 Champaign
13%
Murphysboro City 7,970 Jackson
13%
Newton City 2,849 Jasper
13%
Niles Village 29,803 Cook
13%
North Aurora Village 16,760 Kane
13%
Rantoul Village 12,941 Champaign
13%
Rochester Village 3,689 Sangamon
13%
South Elgin Village 21,985 Kane
13%
Belvidere City 25,585 Boone
12%
Benton City 7,087 Franklin
12%
Braidwood City 6,191 Will
12%
Burbank City 28,925 Cook
12%
Chillicothe City 6,097 Peoria
12%
Davis Village 677 Stephenson
12%
Elmwood City 2,097 Peoria
12%
Fox Lake Village 10,579 Lake
12%
Glenview Village 44,692 Cook
12%
Hanover Village 844 Jo Daviess
12%
Harvard City 9,447 McHenry
12%
Lake Zurich Village 17,631 Lake
12%
Lemont Village 16,000 Cook/DuPage/Will
12%
Libertyville Village 20,315 Lake
12%
Manteno Village 9,204 Kankakee
12%
Mount Prospect Village 54,167 Cook
12%
Palos Hills City 17,484 Cook
12%
Pulaski Village 206 Pulaski
12%
Richmond Village 1,874 McHenry
12%
Vermilion Village 225 Edgar
12%
Vernon Hills Village 25,113 Lake
12%
Anna City 4,442 Union
11%
Atlanta City 1,692 Logan
11%
Centralia City 13,032 Clinton/Jefferson/Marion/Washington
11%
Columbus Village 99 Adams
11%
Crete Village 8,259 Will
11%
DeWitt Village 184 DeWitt
11%
Dwight Village 4,260 Grundy/Livingston
11%
Farmington City 2,448 Fulton
11%
Germantown Village 1,269 Clinton
11%
Glen Ellyn Village 27,450 DuPage
11%
Hardin Village 967 Calhoun
11%
Homer Village 1,193 Champaign
11%
Huntley Village 24,291 Kane/McHenry
11%
Kenilworth Village 2,513 Cook
11%
Lexington City 2,060 McLean
11%
Lincolnshire Village 7,275 Lake
11%
Loves Park City 23,996 Boone/Winnebago
11%
Metamora Village 3,636 Woodford
11%
Midlothian Village 14,819 Cook
11%
Mokena Village 18,740 Will
11%
Monee Village 5,148 Will
11%
Oak Forest City 27,962 Cook
11%
Palos Heights City 12,515 Cook
11%
Plano City 10,856 Kendall
11%
River Forest Village 11,172 Cook
11%
Robbins Village 5,337 Cook
11%
Round Lake Beach Village 28,175 Lake
11%
South Beloit City 7,892 Winnebago
11%
St. Joseph Village 3,967 Champaign
11%
Streator City 13,710 LaSalle/Livingston
11%
Toledo Village 1,238 Cumberland
11%
Tuscola City 4,480 Douglas
11%
Wheeling Village 37,648 Cook
11%
Woodstock City 24,770 McHenry
11%
Bartlett Village 41,208 Cook/Kane/DuPage
10%
Burr Ridge Village 10,559 Cook/DuPage
10%
Coal City Village 5,587 Grundy/Will
10%
Cuba City 1,294 Fulton
10%
Darien City 22,086 DuPage
10%
Erie Village 1,602 Whiteside
10%
Fayetteville Village 366 St. Clair
10%
Kewanee City 12,916 Henry
10%
Lyons Village 10,729 Cook
10%
Manhattan Village 7,051 Will
10%
Maywood Village 24,090 Cook
10%
Monticello City 5,548 Piatt
10%
Mundelein Village 31,064 Lake
10%
Peotone Village 4,142 Will
10%
Warsaw City 1,607 Hancock
10%
Wauconda Village 13,603 Lake
10%
Bridgeview Village 16,446 Cook
9%
Burlington Village 618 Kane
9%
Casey City 2,769 Clark/Cumberland
9%
Chatham Village 11,500 Sangamon
9%
Cleveland Village 188 Henry
9%
Flossmoor Village 9,464 Cook
9%
Gibson City City 3,407 Ford
9%
Inverness Village 7,399 Cook
9%
Itasca Village 8,649 DuPage
9%
Manchester Village 292 Scott
9%
Mendota City 7,372 LaSalle
9%
Minooka Village 10,924 Grundy/Will
9%
Morton Grove Village 23,270 Cook
9%
Oakwood Village 1,595 Vermilion
9%
Oregon City 3,721 Ogle
9%
Palos Park Village 4,847 Cook
9%
Pana City 5,847 Christian
9%
South Barrington Village 4,565 Cook
9%
Williamsville Village 1,476 Sangamon
9%
Albany Village 891 Whiteside
8%
Auburn City 4,771 Sangamon
8%
Bellevue Village 1,978 Peoria
8%
Berkeley Village 5,209 Cook
8%
Byron City 3,753 Ogle
8%
Cambridge Village 2,160 Henry
8%
Carrollton City 2,484 Greene
8%
Carterville City 5,496 Williamson
8%
Channahon Village 12,560 Will
8%
Clayton Village 709 Adams
8%
Country Club Hills City 16,541 Cook
8%
East Dubuque City 1,704 Jo Daviess
8%
Elburn Village 5,602 Kane
8%
Elmwood Park Village 24,883 Cook
8%
Evansville Village 701 Randolph
8%
Fairbury City 3,757 Livingston
8%
Fairfield City 5,154 Wayne
8%
Forest Park Village 14,167 Cook
8%
Forsyth Village 3,490 Macon
8%
Geneseo City 6,586 Henry
8%
Genoa City 5,193 DeKalb
8%
Georgetown City 3,474 Vermilion
8%
Gilman City 1,814 Iroquois
8%
Glencoe Village 8,723 Cook
8%
Granite City City 29,849 Madison
8%
Hampshire Village 5,563 Kane
8%
Herscher Village 1,591 Kankakee
8%
Hillsboro City 6,207 Montgomery
8%
Hillside Village 8,157 Cook
8%
Homer Glen Village 24,220 Will
8%
Jerseyville City 8,465 Jersey
8%
Kingston Village 1,164 DeKalb
8%
Lake in the Hills Village 28,965 McHenry
8%
Lawrenceville City 4,348 Lawrence
8%
Lebanon City 4,418 St. Clair
8%
Le Roy City 3,560 McLean
8%
Louisville Village 1,139 Clay
8%
Marseilles City 5,094 LaSalle
8%
Matteson Village 19,009 Cook
8%
Melrose Park Village 25,411 Cook
8%
Milan Village 5,099 Rock Island
8%
Newark Village 992 Kendall
8%
Northfield Village 5,420 Cook
8%
Oakland City 880 Coles
8%
O'Fallon City 28,281 St. Clair
8%
Oglesby City 3,791 LaSalle
8%
Ohio Village 513 Bureau
8%
Olney City 9,115 Richland
8%
Orland Hills Village 7,149 Cook
8%
Park Forest Village 21,975 Cook/Will
8%
Paxton City 4,473 Ford
8%
Pittsfield City 4,576 Pike
8%
Prospect Heights City 16,256 Cook
8%
Rochelle City 9,574 Ogle
8%
Rockton Village 7,685 Winnebago
8%
Rolling Meadows City 24,099 Cook
8%
Savanna City 3,062 Carroll
8%
Seneca Village 2,371 Grundy/LaSalle
8%
South Holland Village 22,030 Cook
8%
Sparta City 4,302 Randolph
8%
Streamwood Village 39,858 Cook
8%
Trenton City 2,715 Clinton
8%
Villa Park Village 21,904 DuPage
8%
Westchester Village 16,718 Cook
8%
Westmont Village 24,685 DuPage
8%
Willowbrook Village 8,540 DuPage
8%
Winchester City 1,593 Scott
8%
Worth Village 10,789 Cook
8%
Arcola City 2,916 Douglas
7%
Beardstown City 6,123 Cass
7%
Bellwood Village 19,071 Cook
7%
Bridgeport City 1,886 Lawrence
7%
Brighton Village 2,254 Macoupin
7%
Browns Village 134 Edwards
7%
Carlyle City 3,281 Clinton
7%
Chicago Ridge Village 14,305 Cook
7%
Concord Village 167 Morgan
7%
Deer Creek Village 704 Tazewell/Woodford
7%
Deer Park Village 3,200 Cook/Lake
7%
Detroit Village 83 Pike
7%
Du Quoin City 6,109 Perry
7%
Edinburg Village 1,078 Christian
7%
Farmer City City 2,037 DeWitt
7%
Gardner Village 1,463 Grundy
7%
Glasgow Village 141 Scott
7%
Glendale Heights Village 34,208 DuPage
7%
Golf Village 500 Cook
7%
Hanover Park Village 39,973 Cook/DuPage
7%
Herrin City 12,501 Williamson
7%
Johnsonville Village 77 Wayne
7%
Jonesboro City 1,821 Union
7%
Justice Village 12,926 Cook
7%
Lake Bluff Village 5,722 Lake
7%
Lakewood Village 3,811 McHenry
7%
Lena Village 2,912 Stephenson
7%
Long Grove Village 8,043 Lake
7%
Mark Village 555 Putnam
7%
Maryville Village 7,487 Madison
7%
Monmouth City 9,444 Warren
7%
Norridge Village 14,572 Cook
7%
Oakbrook Terrace City 2,134 DuPage
7%
Olympia Fields Village 4,988 Cook
7%
Pittsburg Village 572 Williamson
7%
Red Bud City 3,698 Randolph
7%
Roanoke Village 2,065 Woodford
7%
Rock Falls City 9,266 Whiteside
7%
Roselle Village 22,763 Cook/DuPage
7%
Sherman Village 4,148 Sangamon
7%
Spring Valley City 5,558 Bureau
7%
St. Peter Village 359 Fayette
7%
Thornton Village 2,338 Cook
7%
Tolono Village 3,447 Champaign
7%
Troy City 9,888 Madison
7%
West Dundee Village 7,331 Kane
7%
Western Springs Village 12,975 Cook
7%
Winthrop Harbor Village 6,742 Lake
7%
Woodridge Village 32,971 DuPage/Will
7%
Aledo City 3,640 Mercer
6%
Bannockburn Village 1,583 Lake
6%
Benson Village 423 Woodford
6%
Bloomingdale Village 22,018 DuPage
6%
Brooklyn Village 749 St. Clair
6%
Calumet Park Village 7,835 Cook
6%
Carlinville City 5,917 Macoupin
6%
Cherry Village 482 Bureau
6%
Crest Hill City 20,837 Will
6%
Crestwood Village 10,950 Cook
6%
Dunlap Village 1,386 Peoria
6%
Elwood Village 2,279 Will
6%
Fairview Village 522 Fulton
6%
Gillespie City 3,319 Macoupin
6%
Gridley Village 1,432 McLean
6%
Hamburg Village 128 Calhoun
6%
Heyworth Village 2,841 McLean
6%
Jeffersonville Village 367 Wayne
6%
Johnsburg Village 6,337 McHenry
6%
Kaskaskia Village 14 Randolph
6%
La Grange Park Village 13,579 Cook
6%
Lake Villa Village 8,741 Lake
6%
Litchfield City 6,939 Montgomery
6%
Machesney Park Village 23,499 Winnebago
6%
Mackinaw Village 1,950 Tazewell
6%
Mansfield Village 906 Piatt
6%
Markham City 12,508 Cook
6%
Mount Carmel City 7,284 Wabash
6%
New Berlin Village 1,346 Sangamon
6%
Ogden Village 810 Champaign
6%
Phoenix Village 1,964 Cook
6%
Plymouth Village 505 Hancock/McDonough
6%
Richton Park Village 13,646 Cook
6%
River Grove Village 10,227 Cook
6%
Roberts Village 362 Ford
6%
Robinson City 7,713 Crawford
6%
Shorewood Village 15,615 Will
6%
Silvis City 7,479 Rock Island
6%
Vienna City 1,434 Johnson
6%
Virginia City 1,611 Cass
6%
Waterloo City 9,811 Monroe
6%
West Peoria City 4,458 Peoria
6%
Albion City 1,988 Edwards
5%
Alma Village 320 Marion
5%
Altamont City 2,319 Effingham
5%
Amboy City 2,500 Lee
5%
Ashland Village 1,333 Cass
5%
Augusta Village 587 Hancock
5%
Barrington Hills Village 4,209 Cook/Lake/Kane/McHenry
5%
Barry City 1,318 Pike
5%
Bath Village 333 Mason
5%
Beach Park Village 13,638 Lake
5%
Burnham Village 4,206 Cook
5%
Camden Village 86 Schuyler
5%
Carthage City 2,605 Hancock
5%
Chenoa City 1,785 McLean
5%
Cherry Valley Village 3,162 Winnebago
5%
Chesterfield Village 188 Macoupin
5%
Clarendon Hills Village 8,427 DuPage
5%
Colfax Village 1,061 McLean
5%
Countryside City 5,895 Cook
5%
Dakota Town 506 Stephenson
5%
Dolton Village 23,153 Cook
5%
Dover Village 168 Bureau
5%
Downs Village 1,005 McLean
5%
East Alton Village 6,301 Madison
5%
East Dundee Village 2,860 Cook/Kane
5%
Elizabethtown Village 299 Hardin
5%
Essex Village 802 Kankakee
5%
Fisher Village 1,881 Champaign
5%
Flora City 5,070 Clay
5%
Ford Heights Village 2,763 Cook
5%
Forreston Village 1,446 Ogle
5%
Fox River Grove Village 4,854 Lake/McHenry
5%
Franklin Park Village 18,333 Cook
5%
Freeburg Village 4,354 St. Clair
5%
Gays Village 281 Moultrie
5%
Glenwood Village 8,969 Cook
5%
Godfrey Village 17,982 Madison
5%
Grant Park Village 1,331 Kankakee
5%
Greenup Village 1,513 Cumberland
5%
Hampton Village 1,863 Rock Island
5%
Hartford Village 1,429 Madison
5%
Harwood Heights Village 8,612 Cook
5%
Hennepin Village 757 Putnam
5%
Highwood City 5,405 Lake
5%
Hodgkins Village 1,897 Cook
5%
Hometown City 4,349 Cook
5%
Hoopeston City 5,351 Vermilion
5%
Hudson Village 1,838 McLean
5%
Kansas Village 787 Edgar
5%
Kappa Village 227 Woodford
5%
Kildeer Village 3,968 Lake
5%
Lacon City 1,937 Marshall
5%
Lake Barrington Village 4,973 Lake
5%
Lewistown City 2,384 Fulton
5%
Lima Village 163 Adams
5%
Lincolnwood Village 12,590 Cook
5%
Liverpool Village 129 Fulton
5%
Maple Park Village 1,310 Kane
5%
Martinsville City 1,167 Clark
5%
McCook Village 228 Cook
5%
Milford Village 1,306 Iroquois
5%
Morrison City 4,188 Whiteside
5%
Mounds City 810 Pulaski
5%
Mount Sterling City 2,025 Brown
5%
Mount Zion Village 5,833 Macon
5%
Naples Town 130 Scott
5%
Nauvoo City 1,149 Hancock
5%
Neoga City 1,636 Cumberland
5%
North Barrington Village 3,047 Lake
5%
Oak Grove Village 396 Rock Island
5%
Oblong Village 1,466 Crawford
5%
Omaha Village 266 Gallatin
5%
Park City City 7,570 Lake
5%
Pawnee Village 2,739 Sangamon
5%
Pecatonica Village 2,195 Winnebago
5%
Peoria Heights Village 6,156 Peoria/Tazewell/Woodford
5%
Philo Village 1,466 Champaign
5%
Pleasant Plains Village 802 Sangamon
5%
Pocahontas Village 784 Bond
5%
Princeville Village 1,738 Peoria
5%
Raleigh Village 350 Saline
5%
Riverdale Village 13,549 Cook
5%
Riverton Village 3,455 Sangamon
5%
Roscoe Village 10,785 Winnebago
5%
Roseville Village 989 Warren
5%
Round Lake Park Village 7,505 Lake
5%
Savoy Village 7,280 Champaign
5%
Schiller Park Village 11,793 Cook
5%
Sheffield Village 926 Bureau
5%
Sheridan Village 2,137 LaSalle
5%
Stanford Village 596 McLean
5%
Staunton City 5,139 Macoupin
5%
Ste. Marie Village 244 Jasper
5%
Steward Village 256 Lee
5%
Stickney Village 6,786 Cook
5%
St. Johns Village 219 Perry
5%
Stockton Village 1,862 Jo Daviess
5%
Strawn Village 100 Livingston
5%
Sugar Grove Village 8,997 Kane
5%
Teutopolis Village 1,530 Effingham
5%
Tremont Village 2,236 Tazewell
5%
Venice City 1,890 Madison
5%
Vermont Village 667 Fulton
5%
Villa Grove City 2,537 Douglas
5%
Volo Village 2,929 Lake
5%
Waterman Village 1,506 DeKalb
5%
Watseka City 5,255 Iroquois
5%
West Frankfort City 8,182 Franklin
5%
Willow Springs Village 5,524 Will
5%
Windsor Village 748 Mercer
5%
Windsor City 1,187 Shelby
5%
Winfield Village 9,080 DuPage
5%
Ashley City 536 Washington
4%
Atwood Village 1,224 Douglas
4%
Avon Village 799 Fulton
4%
Beecher Village 4,359 Will
4%
Bellmont Village 276 Wabash
4%
Bement Village 1,730 Piatt
4%
Bensenville Village 18,352 DuPage
4%
Broadview Village 7,932 Cook
4%
Brownstown Village 759 Fayette
4%
Buckley Village 600 Iroquois
4%
Bunker Hill City 1,774 Macoupin
4%
Butler Village 180 Montgomery
4%
Carmi City 5,240 White
4%
Christopher City 2,382 Franklin
4%
De Soto Village 1,590 Jackson
4%
Diamond Village 2,527 Grundy/Will
4%
Dixmoor Village 3,644 Cook
4%
Du Bois Village 205 Washington
4%
Elkhart Village 405 Logan
4%
Evergreen Park Village 19,852 Cook
4%
Fillmore Village 330 Montgomery
4%
Flanagan Village 1,110 Livingston
4%
Florence Village 38 Pike
4%
Goreville Village 1,049 Johnson
4%
Green Oaks Village 3,866 Lake
4%
Hammond Village 509 Piatt
4%
Hawthorn Woods Village 7,663 Lake
4%
Hazel Crest Village 14,100 Cook
4%
Hebron Village 1,216 McHenry
4%
Hickory Hills City 14,049 Cook
4%
Illiopolis Village 891 Sangamon
4%
Ina Village 2,338 Jefferson
4%
Indian Head Park Village 3,809 Cook
4%
Kaneville Village 484 Kane
4%
Lakemoor Village 6,017 Lake/McHenry
4%
Limestone Village 1,598 Kankakee
4%
Manito Village 1,642 Mason
4%
Marengo City 7,648 McHenry
4%
Marquette Heights City 2,824 Tazewell
4%
Mascoutah City 7,483 St. Clair
4%
Mason City City 2,343 Mason
4%
Melvin Village 452 Ford
4%
Mettawa Village 547 Lake
4%
Milledgeville Village 1,032 Carroll
4%
Minonk City 2,078 Woodford
4%
New Haven Village 433 Gallatin
4%
Nokomis City 2,256 Montgomery
4%
Norris Village 213 Fulton
4%
Oakdale Village 221 Washington
4%
Odell Village 1,046 Livingston
4%
Orion Village 1,861 Henry
4%
Paw Paw Village 870 Lee
4%
Pinckneyville City 5,648 Perry
4%
Piper City Village 826 Ford
4%
Polo City 2,355 Ogle
4%
Poplar Grove Village 5,023 Boone
4%
Roxana Village 1,542 Madison
4%
Royal Village 293 Champaign
4%
Sauk Village Village 10,506 Cook/Will
4%
Sesser City 1,931 Franklin
4%
Sleepy Hollow Village 3,304 Kane
4%
Somonauk Village 1,893 DeKalb
4%
Stone Park Village 4,946 Cook
4%
Sullivan City 4,440 Moultrie
4%
Swansea Village 13,430 St. Clair
4%
Tampico Village 790 Whiteside
4%
Toluca City 1,414 Marshall
4%
Towanda Village 480 McLean
4%
Wadsworth Village 3,815 Lake
4%
Washburn Village 1,155 Woodford
4%
Winslow Village 338 Stephenson
4%
Wood Dale City 13,770 DuPage
4%
Allendale Village 475 Wabash
3%
Astoria Town 1,141 Fulton
3%
Bartonville Village 6,471 Peoria
3%
Bedford Park Village 580 Cook
3%
Big Rock Village 1,126 Kane
3%
Bismarck Village 579 Vermilion
3%
Bondville Village 443 Champaign
3%
Breese City 4,442 Clinton
3%
Brimfield Village 868 Peoria
3%
Buda Village 538 Bureau
3%
Bush Village 275 Williamson
3%
Bushnell City 3,117 McDonough
3%
Cabery Village 266 Ford
3%
Chebanse Village 1,062 Iroquois
3%
Cissna Park Village 846 Iroquois
3%
Clifton Village 1,468 Iroquois
3%
Cobden Village 1,157 Union
3%
Cortland Town 4,270 DeKalb
3%
Cullom Village 555 Livingston
3%
Danvers Village 1,154 McLean
3%
Davis Junction Village 2,373 Ogle
3%
Dupo Village 4,138 St. Clair
3%
Durand Village 1,443 Winnebago
3%
Elkville Village 928 Jackson
3%
Fairview Heights City 17,078 St. Clair
3%
Findlay Village 683 Shelby
3%
Garrett Village 162 Douglas
3%
Germantown Hills Village 3,438 Woodford
3%
Golconda City 668 Pope
3%
Grandview Village 1,441 Sangamon
3%
Greenfield City 1,071 Greene
3%
Hainesville Village 3,597 Lake
3%
Hinckley Village 2,070 DeKalb
3%
Island Lake Village 8,080 Lake/McHenry
3%
Lisbon Village 285 Kendall
3%
Loda Village 407 Iroquois
3%
Lovington Village 1,130 Moultrie
3%
Lynwood Village 9,007 Cook
3%
Makanda Village 561 Jackson
3%
Maroa City 1,801 Macon
3%
Merrionette Park Village 1,900 Cook
3%
Middletown Village 324 Logan
3%
Milton Village 271 Pike
3%
Momence City 3,310 Kankakee
3%
Monroe Center Village 471 Ogle
3%
Mount Morris Village 2,998 Ogle
3%
Moweaqua Village 1,831 Shelby
3%
New Salem Village 137 Pike
3%
Niantic Village 707 Macon
3%
Northlake City 12,323 Cook
3%
North Riverside Village 6,672 Cook
3%
Okawville Village 1,434 Washington
3%
Panama Village 343 Bond/Montgomery
3%
Parkersburg Village 199 Richland
3%
Pingree Grove Village 4,532 Kane
3%
Plattville Village 242 Kendall
3%
Port Barrington Village 1,517 Lake/McHenry
3%
Posen Village 5,987 Cook
3%
Prophetstown City 2,080 Whiteside
3%
Rankin Village 561 Vermilion
3%
Ransom Village 384 LaSalle
3%
Rockdale Village 1,976 Will
3%
Round Lake Heights Village 2,676 Lake
3%
Saunemin Village 420 Livingston
3%
Shiloh Village 12,651 St. Clair
3%
Sibley Village 272 Ford
3%
Sidney Village 1,233 Champaign
3%
Smithton Village 3,963 St. Clair
3%
South Chicago Heights Village 4,139 Cook
3%
South Jacksonville Village 3,331 Morgan
3%
St. Anne Village 1,257 Kankakee
3%
Strasburg Village 467 Shelby
3%
Tamms Village 632 Alexander
3%
Topeka Town 76 Mason
3%
University Park Village 7,129 Cook/Will
3%
Verona Village 215 Grundy
3%
Victoria Village 316 Knox
3%
Virden City 3,425 Macoupin/Sangamon
3%
Westville Village 3,202 Vermilion
3%
Wonder Lake Village 4,026 McHenry
3%
Woodland Village 324 Iroquois
3%
Wood River City 10,657 Madison
3%
Abingdon City 3,319 Knox
2%
Albers Village 1190 Clinton
2%
Alexis Village 831 Warren
2%
Allenville Village 148 Moultrie
2%
Alpha Village 671 Henry
2%
Altona Village 531 Knox
2%
Anchor Village 146 McLean
2%
Andalusia Village 1,178 Rock Island
2%
Annawan Town 878 Henry
2%
Arenzville Village 409 Cass
2%
Argenta Village 947 Macon
2%
Ashmore Village 785 Coles
2%
Ashton Village 972 Lee
2%
Assumption City 1,168 Christian
2%
Atkinson Town 972 Henry
2%
Ava City 654 Jackson
2%
Aviston Village 1,945 Clinton
2%
Baldwin Village 373 Randolph
2%
Belle Rive Village 361 Jefferson
2%
Bellflower Village 357 McLean
2%
Benld City 1,556 Macoupin
2%
Bethalto Village 9,521 Madison
2%
Bluffs Village 715 Scott
2%
Bluford Village 688 Jefferson
2%
Bone Gap Village 246 Edwards
2%
Bonnie Village 397 Jefferson
2%
Bradford Village 768 Stark
2%
Brussels Village 141 Calhoun
2%
Cahokia Heights City 22,552 St. Clair
2%
Caledonia Village 197 Boone
2%
Campbell Hill Village 336 Jackson
2%
Camp Point Village 1,132 Adams
2%
Carbon Cliff Village 2,134 Rock Island
2%
Carlock Village 552 McLean
2%
Carrier Mills Village 1,653 Saline
2%
Caseyville Village 4,245 St. Clair
2%
Cave-In-Rock Village 318 Hardin
2%
Cerro Gordo Village 1,403 Piatt
2%
Chandlerville Village 553 Cass
2%
Chapin Village 512 Morgan
2%
Chatsworth Town 1,205 Livingston
2%
Clay City Village 959 Clay
2%
Coal Valley Village 3,743 Henry/Rock Island
2%
Colchester City 1,401 McDonough
2%
Colona City 5,099 Henry
2%
Congerville Village 474 Woodford
2%
Cooksville Village 182 McLean
2%
Cornell Village 467 Livingston
2%
Coulterville Village 945 Randolph
2%
Crainville Village 1,254 Williamson
2%
Creve Coeur Village 5,451 Tazewell
2%
Crossville Village 745 White
2%
Dahlgren Village 525 Hamilton
2%
Damiansville Village 491 Clinton
2%
Dana Village 159 LaSalle
2%
Delavan City 1,689 Tazewell
2%
De Pue Village 1,838 Bureau
2%
Earlville City 1,701 LaSalle
2%
East Hazel Crest Village 1,543 Cook
2%
Eddyville Village 101 Pope
2%
Eldorado City 4,122 Saline
2%
Emington Village 117 Livingston
2%
Equality Village 595 Gallatin
2%
Fairmont City Village 2,635 St. Clair
2%
Ferris Village 156 Hancock
2%
Fithian Village 485 Vermilion
2%
Forest View Village 698 Cook
2%
Galva City 2,589 Henry
2%
German Valley Village 463 Stephenson
2%
Gifford Village 975 Champaign
2%
Gilberts Village 6,879 Kane
2%
Glasford Village 1,022 Peoria
2%
Glen Carbon Village 12,934 Madison
2%
Godley Village 601 Grundy/Will
2%
Goodfield Village 860 Tazewell/Woodford
2%
Good Hope Village 396 McDonough
2%
Gorham Village 236 Jackson
2%
Grafton City 674 Jersey
2%
Grand Ridge Village 560 LaSalle
2%
Granville Village 1,427 Putnam
2%
Grayville City 1,666 Edwards/White
2%
Greenwood Village 255 McHenry
2%
Hamel Village 816 Madison
2%
Hecker Village 481 Monroe
2%
Henning Village 251 Vermilion
2%
Hillcrest Village 1,326 Ogle
2%
Hillsdale Village 523 Rock Island
2%
Hooppole Village 204 Henry
2%
Hopedale Village 865 Tazewell
2%
Hutsonville Village 554 Crawford
2%
Indian Creek Village 462 Lake
2%
Ipava Village 470 Fulton
2%
Irving Village 495 Montgomery
2%
Jerome Village 1,656 Sangamon
2%
Jewett Village 223 Cumberland
2%
Johnston City City 3,543 Williamson
2%
Joppa Village 360 Massac
2%
Joy Village 417 Mercer
2%
Kell Village 219 Marion
2%
Kempton Village 231 Ford
2%
Kincaid Village 1,505 Christian
2%
Ladd Village 1,295 Bureau
2%
Lanark City 1,457 Carroll
2%
Leaf River Village 443 Ogle
2%
Leland Village 977 LaSalle
2%
Lerna Village 286 Coles
2%
Lindenhurst Village 14,462 Lake
2%
Lyndon Village 648 Whiteside
2%
Magnolia Village 260 Putnam
2%
Malta Village 1,164 DeKalb
2%
Manlius Village 359 Bureau
2%
Mapleton Village 270 Peoria
2%
Marietta Village 112 Fulton
2%
Marine Village 960 Madison
2%
Maunie Village 139 White
2%
Mazon Village 1,015 Grundy
2%
McClure Village 402 Alexander
2%
McLeansboro City 2,883 Hamilton
2%
McNabb Village 285 Putnam
2%
Mechanicsburg Village 590 Sangamon
2%
Meredosia Village 1,044 Morgan
2%
Mill Shoals Village 215 White
2%
Millstadt Village 4,011 St. Clair
2%
Mound City City 588 Pulaski
2%
Mount Carroll City 1,717 Carroll
2%
Mount Olive City 2,099 Macoupin
2%
Mount Pulaski City 1,566 Logan
2%
Mulberry Grove Village 634 Bond
2%
Murrayville Village 587 Morgan
2%
Neponset Village 473 Bureau
2%
New Athens Village 2,054 St. Clair
2%
New Baden Village 3,349 Clinton/St. Clair
2%
New Grand Chain Village 210 Pulaski
2%
Newman City 865 Douglas
2%
Norris City Village 1,275 White
2%
North Pekin Village 1,573 Tazewell
2%
North Utica Village 1,352 LaSalle
2%
Norwood Village 478 Peoria
2%
Odin Village 1,076 Marion
2%
Olmsted Village 333 Pulaski
2%
Onarga Village 1,368 Iroquois
2%
Oneida City 700 Knox
2%
Orangeville Village 793 Stephenson
2%
Oreana Village 875 Macon
2%
Palestine Village 1,369 Crawford
2%
Patoka Village 584 Marion
2%
Pearl Village 138 Pike
2%
Percy Village 970 Randolph
2%
Pesotum Village 551 Champaign
2%
Petersburg City 2,260 Menard
2%
Plainville Village 264 Adams
2%
Pontoon Beach Village 5,836 Madison
2%
Port Byron Village 1,647 Rock Island
2%
Potomac Village 750 Vermilion
2%
Prairie du Rocher Village 604 Randolph
2%
Radom Village 220 Washington
2%
Riverwoods Village 3,660 Lake
2%
Rock City Village 315 Stephenson
2%
Rockwood Village 42 Randolph
2%
Roodhouse City 1,814 Greene
2%
Rose Hill Village 80 Jasper
2%
Rossville Village 1,331 Vermilion
2%
Royalton Village 1,151 Franklin
2%
Rushville City 3,192 Schuyler
2%
Rutland Village 318 LaSalle
2%
Sandoval Village 1,274 Marion
2%
Saybrook Village 693 McLean
2%
Secor Village 373 Woodford
2%
Shabbona Village 925 DeKalb
2%
Shannon Village 757 Carroll
2%
Shawneetown City 1,239 Gallatin
2%
Simpson Village 60 Johnson
2%
Sims Village 252 Wayne
2%
Smithfield Village 230 Fulton
2%
Sorento Village 498 Bond
2%
South Wilmington Village 681 Grundy
2%
Sparland Village 406 Marshall
2%
Spring Bay Village 452 Woodford
2%
Spring Grove Village 5,778 McHenry
2%
Standard Village 220 Putnam
2%
St. Augustine Village 120 Knox
2%
Steeleville Village 2,083 Randolph
2%
Steger Village 9,570 Cook/Will
2%
St. Elmo City 1,426 Fayette
2%
Stillman Valley Village 1,120 Ogle
2%
St. Jacob Village 1,098 Madison
2%
St. Libory Village 615 St. Clair
2%
Stonefort Village 297 Saline/Williamson
2%
St. Rose Village 138 Clinton
2%
Summit Village 11,054 Cook
2%
Table Grove Village 416 Fulton
2%
Thebes Village 436 Alexander
2%
Third Lake Village 1,182 Lake
2%
Thomasboro Village 1,126 Champaign
2%
Thomson Village 590 Carroll
2%
Tonica Village 768 LaSalle
2%
Toulon City 1,292 Stark
2%
Tower Lakes Village 1,283 Lake
2%
Ullin Village 463 Pulaski
2%
Valmeyer Village 1,263 Monroe
2%
Varna Village 384 Marshall
2%
Venedy Village 138 Washington
2%
Versailles Village 478 Brown
2%
Viola Village 955 Mercer
2%
Walnut Village 1,416 Bureau
2%
Waltonville Village 434 Jefferson
2%
Warrensburg Village 1,210 Macon
2%
Wayne City Village 1,032 Wayne
2%
Waynesville Village 434 DeWitt
2%
Wellington Village 242 Iroquois
2%
Wenona City 1,056 LaSalle/Marshall
2%
Westfield Village 601 Clark
2%
West Salem Village 897 Edwards
2%
White City Village 232 Macoupin
2%
White Hall City 2,520 Greene
2%
Williamsfield Village 578 Knox
2%
Witt City 903 Montgomery
2%
Woodhull Village 811 Henry
2%
Woodlawn Village 698 Jefferson
2%
Worden Village 1,044 Madison
2%
Wyoming City 1,429 Stark
2%
Xenia Village 391 Clay
2%
Yale Village 86 Jasper
2%
Zeigler City 1,801 Franklin
2%
Addieville Village 252 Washington
1%
Alhambra Village 681 Madison
1%
Alsey Village 227 Scott
1%
Apple River Village 366 Jo Daviess
1%
Aroma Park Village 743 Kankakee
1%
Arrowsmith Village 294 McLean
1%
Ashkum Village 761 Iroquois
1%
Banner Village 189 Fulton
1%
Bartelso Village 595 Clinton
1%
Baylis Village 205 Pike
1%
Beckemeyer Village 1,040 Clinton
1%
Beecher City Village 463 Effingham
1%
Belgium Village 404 Vermilion
1%
Belknap Village 104 Johnson
1%
Belle Prairie City Town 54 Hamilton
1%
Bethany Village 1,352 Moultrie
1%
Biggsville Village 304 Henderson
1%
Bishop Hill Village 128 Henry
1%
Blue Mound Village 1,158 Macon
1%
Bowen Village 494 Hancock
1%
Braceville Village 793 Grundy
1%
Brocton Village 322 Edgar
1%
Brookport City 984 Massac
1%
Broughton Village 194 Hamilton
1%
Browning Village 137 Schuyler
1%
Bryant Village 220 Fulton
1%
Bull Valley Village 1,077 McHenry
1%
Buncombe Village 203 Johnson
1%
Cambria Village 1,228 Williamson
1%
Campton Hills Village 11,131 Kane
1%
Campus Village 166 Livingston
1%
Cantrall Village 139 Sangamon
1%
Capron Village 1,376 Boone
1%
Catlin Village 2,040 Vermilion
1%
Cedarville Village 741 Stephenson
1%
Cisne Village 672 Wayne
1%
Claremont Village 176 Richland
1%
Coalton Village 304 Montgomery
1%
Coatsburg Village 147 Adams
1%
Coffeen City 685 Montgomery
1%
Coleta Village 164 Whiteside
1%
Colp Village 225 Williamson
1%
Compton Village 303 Lee
1%
Cordova Village 672 Rock Island
1%
Cowden Village 629 Shelby
1%
Creal Springs City 543 Williamson
1%
Crescent City Village 615 Iroquois
1%
Creston Village 662 Ogle
1%
Cutler Village 441 Perry
1%
Cypress Village 234 Johnson
1%
Danforth Village 604 Iroquois
1%
Dawson Village 509 Sangamon
1%
De Land Village 446 Piatt
1%
Dongola Village 726 Union
1%
Donovan Village 304 Iroquois
1%
Eagarville Village 127 Macoupin
1%
East Cape Girardeau Village 385 Alexander
1%
East Galesburg Village 812 Knox
1%
Easton Village 321 Mason
1%
Edgewood Village 440 Effingham
1%
El Dara Village 78 Pike
1%
Elliott Village 295 Ford
1%
Ellis Grove Village 363 Randolph
1%
Ellsworth Village 195 McLean
1%
Energy Village 1,146 Williamson
1%
Enfield Village 596 White
1%
Ewing Village 307 Franklin
1%
Exeter Village 65 Scott
1%
Fairmount Village 642 Vermilion
1%
Farina Village 518 Fayette
1%
Farmersville Village 724 Montgomery
1%
Flat Rock Village 331 Crawford
1%
Foosland Village 101 Champaign
1%
Galatia Village 933 Saline
1%
Girard City 2,103 Macoupin
1%
Golden Village 644 Adams
1%
Grand Tower City 605 Jackson
1%
Green Valley Village 709 Tazewell
1%
Greenview Village 778 Menard
1%
Griggsville City 1,226 Pike
1%
Hanna City Village 1,225 Peoria
1%
Herrick Village 436 Shelby
1%
Hidalgo Village 106 Jasper
1%
Hillview Village 193 Greene
1%
Holiday Hills Village 610 McHenry
1%
Hopewell Village 410 Marshall
1%
Hopkins Park Village 603 Kankakee
1%
Hull Village 461 Pike
1%
Humboldt Village 437 Coles
1%
Hume Village 380 Edgar
1%
Hurst City 795 Williamson
1%
Industry Village 478 McDonough
1%
Irvington Village 659 Washington
1%
Iuka Village 489 Marion
1%
Ivesdale Village 267 Champaign
1%
Junction Village 129 Gallatin
1%
Junction City Village 482 Marion
1%
Kangley Village 251 LaSalle
1%
Karnak Village 499 Pulaski
1%
Kenney Village 326 DeWitt
1%
Keyesport Village 421 Bond/Clinton
1%
Kinderhook Village 216 Pike
1%
Kinmundy City 796 Marion
1%
Kinsman Village 99 Grundy
1%
Kirkland Village 1,744 DeKalb
1%
Kirkwood Village 714 Warren
1%
La Harpe City 1,235 Hancock
1%
La Moille Village 726 Bureau
1%
La Prairie Town 47 Adams
1%
La Rose Village 144 Marshall
1%
Latham Village 380 Logan
1%
Leland Grove City 1,503 Sangamon
1%
Leonore Village 130 LaSalle
1%
Littleton Village 181 Schuyler
1%
Longview Village 153 Champaign
1%
Lostant Village 498 LaSalle
1%
Macedonia Village 63 Franklin
1%
Maeystown Village 157 Monroe
1%
Marissa Village 1,979 St. Clair
1%
Mendon Village 953 Adams
1%
Millbrook Village 335 Kendall
1%
Millington Village 665 Kendall
1%
Minier Village 1,252 Tazewell
1%
Montrose Village 201 Effingham
1%
Morrisonville Village 1,056 Christian
1%
Mound Station Village 122 Brown
1%
Mount Erie Village 88 Wayne
1%
Muddy Village 68 Saline
1%
Muncie Village 146 Vermilion
1%
Naplate Village 496 LaSalle
1%
Nason City 236 Jefferson
1%
Nebo Village 340 Pike
1%
Nelson Village 170 Lee
1%
New Boston City 683 Mercer
1%
New Burnside Village 211 Johnson
1%
New Holland Village 269 Logan
1%
New Milford Village 697 Winnebago
1%
New Minden Village 215 Washington
1%
Nilwood Town 239 Macoupin
1%
Nora Village 121 Jo Daviess
1%
Oakford Village 286 Menard
1%
Oakwood Hills Village 2,083 McHenry
1%
Oconee Village 180 Shelby
1%
Old Mill Creek Village 178 Lake
1%
Old Shawneetown Village 193 Gallatin
1%
Pearl City Village 838 Stephenson
1%
Pleasant Hill Village 966 Pike
1%
Prairie Grove Village 1,904 McHenry
1%
Ramsey Village 1,037 Fayette
1%
Rapids City Village 959 Rock Island
1%
Raymond Village 1,006 Montgomery
1%
Reddick Village 163 Kankakee/Livingston
1%
Reynolds Village 539 Rock Island
1%
Ridgway Village 869 Gallatin
1%
Ridott Village 164 Stephenson
1%
Rio Village 220 Knox
1%
Ripley Village 86 Brown
1%
Rockbridge Village 169 Greene
1%
Rosiclare City 1,160 Hardin
1%
Royal Lakes Village 197 Macoupin
1%
Ruma Village 317 Randolph
1%
Russellville Village 94 Lawrence
1%
Sadorus Village 416 Champaign
1%
Sammons Point Village 279 Kankakee
1%
San Jose Village 642 Logan/Mason
1%
Scales Mound Village 376 Jo Daviess
1%
Schram City Village 586 Montgomery
1%
Scottville Village 116 Macoupin
1%
Seaton Village 222 Mercer
1%
Sherrard Village 640 Mercer
1%
Shipman Village 624 Macoupin
1%
Southern View Village 1,642 Sangamon
1%
South Pekin Village 1,146 Tazewell
1%
South Roxana Village 2,053 Madison
1%
Spillertown Village 203 Williamson
1%
Springerton Village 110 White
1%
St. David Village 589 Fulton
1%
Stewardson Village 734 Shelby
1%
Sumner City 3,174 Lawrence
1%
Sun River Terrace Village 528 Kankakee
1%
Symerton Village 87 Will
1%
Tamaroa Village 638 Perry
1%
Taylor Springs Village 690 Montgomery
1%
Tennessee Village 115 McDonough
1%
Thawville Village 241 Iroquois
1%
Thompsonville Village 543 Franklin
1%
Tilden Village 934 Randolph
1%
Tilton Village 2,724 Vermilion
1%
Time Village 23 Pike
1%
Tower Hill Village 611 Shelby
1%
Union Hill Village 58 Kankakee
1%
Ursa Village 626 Adams
1%
Valier Village 669 Franklin
1%
Valley City Village 13 Pike
1%
Vergennes Village 298 Jackson
1%
Walnut Hill Village 108 Marion
1%
Wamac City 1,185 Clinton/Marion/Washington
1%
Wapella Village 558 DeWitt
1%
Washington Park Village 4,196 St. Clair
1%
Waverly City 1,307 Morgan
1%
Weldon Village 429 DeWitt
1%
West Point Village 178 Hancock
1%
Willisville Village 633 Perry
1%
Willow Hill Village 230 Jasper
1%
Woodson Village 512 Morgan
1%
Yates City Village 693 Knox
1%
Adeline Village 85 Ogle
0%
Allerton Village 291 Vermilion
0%
Alto Pass Village 391 Union
0%
Alvan Village 270 Vermilion
0%
Andover Village 578 Henry
0%
Armington Village 343 Tazewell
0%
Bardolph Village 251 McDonough
0%
Basco Village 98 Hancock
0%
Batchtown Village 214 Calhoun
0%
Bay View Gardens Village 378 Woodford
0%
Beaverville Village 362 Iroquois
0%
Bentley Town 35 Hancock
0%
Bingham Village 83 Fayette
0%
Blandinsville Village 651 McDonough
0%
Bonfield Village 382 Kankakee
0%
Broadlands Village 349 Champaign
0%
Broadwell Village 145 Logan
0%
Buckingham Village 300 Kankakee
0%
Buckner Village 462 Franklin
0%
Bulpitt Village 222 Christian
0%
Bureau Junction Village 322 Bureau
0%
Burnt Prairie Village 52 White
0%
Camargo Village 445 Douglas
0%
Carbon Hill Village 345 Grundy
0%
Cedar Point Village 277 LaSalle
0%
Chadwick Village 551 Carroll
0%
Chrisman City 1,343 Edgar
0%
Cisco Village 261 Piatt
0%
Clear Lake Village 229 Sangamon
0%
Curran Village 212 Sangamon
0%
Dallas City City 945 Hancock/Henderson
0%
Dalton City Village 544 Moultrie
0%
Dalzell Village 717 Bureau/LaSalle
0%
Deer Grove Village 48 Whiteside
0%
Dieterich Village 617 Effingham
0%
Divernon Village 1,172 Sangamon
0%
Donnellson Village 210 Bond/Montgomery
0%
Dorchester Village 151 Macoupin
0%
Dowell Village 408 Jackson
0%
Dunfermline Village 300 Fulton
0%
East Brooklyn Village 106 Grundy
0%
East Carondelet Village 499 St. Clair
0%
East Gillespie Village 270 Macoupin
0%
Eldred Village 201 Greene
0%
Ellisville Village 96 Fulton
0%
Elsah Village 673 Jersey
0%
Elvaston Village 165 Hancock
0%
Emden Village 485 Logan
0%
Fidelity Village 114 Jersey
0%
Fieldon Village 239 Jersey
0%
Forest City Village 246 Mason
0%
Franklin Grove Village 1,021 Lee
0%
Freeman Spur Village 287 Williamson
0%
Fults Village 26 Monroe
0%
Gladstone Village 281 Henderson
0%
Golden Gate Village 68 Wayne
0%
Grantfork Village 337 Madison
0%
Gulfport Village 54 Henderson
0%
Hanaford Village 327 Franklin
0%
Harmon Village 120 Lee
0%
Harristown Village 1,367 Macon
0%
Hartsburg Village 314 Logan
0%
Harvel Village 223 Montgomery
0%
Hettick Village 181 Macoupin
0%
Hindsboro Village 313 Douglas
0%
Hollowayville Village 84 Bureau
0%
Hoyleton Village 531 Washington
0%
Huey Village 169 Clinton
0%
Indianola Village 276 Vermilion
0%
Iola Village 141 Clay
0%
Irwin Village 74 Kankakee
0%
Jeisyville Village 107 Christian
0%
Kampsville Village 328 Calhoun
0%
Keenes Village 83 Wayne
0%
Keensburg Village 210 Wabash
0%
Keithsburg City 609 Mercer
0%
Kilbourne Village 302 Mason
0%
Kingston Mines Village 302 Peoria
0%
Lake Ka-ho Village 237 Macoupin
0%
Lenzburg Village 521 St. Clair
0%
Lily Lake Village 993 Kane
0%
Little York Village 331 Warren
0%
Loami Village 745 Sangamon
0%
Lomax Village 454 Henderson
0%
London Mills Village 392 Fulton
0%
Long Creek Village 1,328 Macon
0%
Long Point Village 226 Livingston
0%
Loraine Village 313 Adams
0%
Ludlow Village 371 Champaign
0%
Lynnville Village 117 Morgan
0%
Malden Village 362 Bureau
0%
Maquon Village 284 Knox
0%
Martinton Village 381 Iroquois
0%
Matherville Village 723 Mercer
0%
McCullom Lake Village 1,049 McHenry
0%
Media Village 107 Henderson
0%
Medora Village 419 Macoupin
0%
Menominee Village 248 Jo Daviess
0%
Metcalf Village 189 Edgar
0%
Mill Creek Village 65 Union
0%
Mineral Village 237 Bureau
0%
Modesto Village 189 Macoupin
0%
Mount Auburn Village 480 Christian
0%
Mount Clare Village 278 Macoupin
0%
New Bedford Village 75 Bureau
0%
New Canton Town 359 Pike
0%
New Douglas Village 319 Madison
0%
New Windsor Village 748 Mercer
0%
Noble Village 677 Richland
0%
North City Village 608 Franklin
0%
North Henderson Village 187 Mercer
0%
Ohlman Village 135 Montgomery
0%
Old Ripley Village 108 Bond
0%
Oquawka Village 1,371 Henderson
0%
Orient City 358 Franklin
0%
Otterville Town 126 Jersey
0%
Owaneco Village 239 Christian
0%
Palmer Village 229 Christian
0%
Palmyra Village 698 Macoupin
0%
Panola Village 45 Woodford
0%
Papineau Village 171 Iroquois
0%
Payson Village 1,026 Adams
0%
Phillipstown Village 44 White
0%
Pierron Village 600 Bond/Madison
0%
Pontoosuc Village 146 Hancock
0%
Prairie City Village 379 McDonough
0%
Raritan Village 138 Henderson
0%
Redmon Village 173 Edgar
0%
Richview Village 253 Washington
0%
Ridge Farm Village 862 Vermilion
0%
Ringwood Village 836 McHenry
0%
Sailor Springs Village 95 Clay
0%
Sauget Village 159 St. Clair
0%
Sawyerville Village 279 Macoupin
0%
Sciota Village 61 McDonough
0%
Seatonville Village 314 Bureau
0%
Sheldon Village 1,070 Iroquois
0%
Shumway Village 202 Effingham
0%
Sidell Village 617 Vermilion
0%
Sigel Town 373 Shelby
0%
Smithboro Village 177 Bond
0%
Spaulding Village 873 Sangamon
0%
Standard City Village 152 Macoupin
0%
St. Francisville City 697 Lawrence
0%
Stonington Village 932 Christian
0%
Stoy Village 104 Crawford
0%
Stronghurst Village 883 Henderson
0%
Sublette Village 449 Lee
0%
Summerfield Village 451 St. Clair
0%
Tallula Village 488 Menard
0%
Thayer Village 693 Sangamon
0%
Timberlane Village 934 Boone
0%
Tiskilwa Village 829 Bureau
0%
Tovey Village 512 Christian
0%
Trout Valley Village 537 McHenry
0%
Troy Grove Village 250 LaSalle
0%
Virgil Village 329 Kane
0%
Waggoner Village 266 Montgomery
0%
Walshville Village 64 Montgomery
0%
Wataga Village 843 Knox
0%
Watson Village 754 Effingham
0%
Wenonah Village 37 Montgomery
0%
West Brooklyn Village 142 Lee
0%
West City Village 661 Franklin
0%
Wheeler Village 147 Jasper
0%
Whiteash Village 241 Williamson
0%
Wilsonville Village 586 Macoupin
0%
Wyanet Village 991 Bureau
0%
No matching quizzes found
Score Distribution
Percent of People with Each Score
Percentile by Number Answered
Your Score History
You have not taken this quiz